Countries from 'E' by Tourist Attractions - Statistics

General Stats
  • This quiz has been taken 20 times
  • The average score is 6 of 9
Answer Stats
Picture Answer % Correct
Egypt
94%
Ecuador
82%
Estonia
76%
El Salvador
65%
Eswatini
65%
Eritrea
59%
Ethiopia
59%
Equatorial Guinea
41%
East Timor
35%
No matching quizzes found
Score Distribution
Percent of People with Each Score
Percentile by Number Answered
Your Score History
You have not taken this quiz